Սոցիալական ենթակառուցվածք. էությունը և գործառնական նշանակությունը : (Record no. 87082)
[ view plain ]
| 000 -LEADER | |
|---|---|
| fixed length control field | 00652nam a2200169 u 4500 |
| 001 - CONTROL NUMBER | |
| control field | 000244664 |
| 003 - CONTROL NUMBER IDENTIFIER | |
| control field | AM-YeHGA |
| 005 - DATE AND TIME OF LATEST TRANSACTION | |
| control field | 20250618071632.0 |
| 008 - FIXED-LENGTH DATA ELEMENTS--GENERAL INFORMATION | |
| fixed length control field | 030708s1992 ai r 000 0 arm d |
| 040 ## - CATALOGING SOURCE | |
| Original cataloging agency | AM-YeHGA |
| 090 ## - LOCALLY ASSIGNED LC-TYPE CALL NUMBER (OCLC); LOCAL CALL NUMBER (RLIN) | |
| -- | 88366 |
| 100 1# - MAIN ENTRY--PERSONAL NAME | |
| Personal name | Կուրղինյան, Հենրիկ Բաբկենի |
| 245 10 - TITLE STATEMENT | |
| Title | Սոցիալական ենթակառուցվածք. էությունը և գործառնական նշանակությունը : |
| Remainder of title | (Սոցիալ-փիլիս. վերլուծություն) / |
| Statement of responsibility, etc. | Հ.Բ. Կուրղինյան. |
| 260 ## - PUBLICATION, DISTRIBUTION, ETC. | |
| Place of publication, distribution, etc. | Գյումրի : |
| Name of publisher, distributor, etc. | Կումայրի, |
| Date of publication, distribution, etc. | 1992. |
| 300 ## - PHYSICAL DESCRIPTION | |
| Extent | 55 էջ. |
| 650 14 - SUBJECT ADDED ENTRY--TOPICAL TERM | |
| Topical term or geographic name entry element | Սոցիոլոգիա |
| 9 (RLIN) | 8388 |
| Withdrawn status | Lost status | Damaged status | Not for loan | Collection | Home library | Current library | Date acquired | Total checkouts | Full call number | Barcode | Date last seen | Price effective from | Koha item type | Public note |
|---|---|---|---|---|---|---|---|---|---|---|---|---|---|---|
| General | Fundamental Scientific Library | Fundamental Scientific Library | 22/12/2016 | 316 | 220082590 | 22/12/2016 | 22/12/2016 | Գրքեր / Books | 30 Days Loan | |||||
| General | Fundamental Scientific Library | Fundamental Scientific Library | 22/12/2016 | 316 | 220082591 | 22/12/2016 | 22/12/2016 | Գրքեր / Books | 30 Days Loan | |||||
| General | Fundamental Scientific Library | Fundamental Scientific Library | 22/12/2016 | 316 | 220082592 | 22/12/2016 | 22/12/2016 | Գրքեր / Books | 30 Days Loan |
ՀՀ Գիտությունների ազգային ակադեմիայի հիմնարար գիտական գրադարան = Fundamental Scientific Library of NAS RA
All site content, except where otherwise noted, is licensed under a